| 000 | 00366cam a2200145ua 4500 | ||
|---|---|---|---|
| 041 |
_amal _h |
||
| 082 |
_a894.812308 _bFLA/MA |
||
| 100 | _aFlaubert, Gustave . | ||
| 245 |
_aMadame Bovary / _cGustave Flaubert. _hTextual Documents |
||
| 260 |
_aChampakkulam : _bB.K.M. Book depot , _c1958. |
||
| 300 | _a790 ; . | ||
| 504 | _a | ||
| 942 | _cBK | ||
| 999 |
_c1223 _d1223 |
||